| 000 | 00504cam a22001217a 4500 | ||
|---|---|---|---|
| 008 | 180718b1969 xxu||||| |||| 00| 0 eng d | ||
| 082 | _aXA065x42 Un3 | ||
| 245 |
_aHousing statistics, Great Britain _cby Scottish Development Department, Ministry Of Housing And Local Governement |
||
| 260 |
_aLondon _bHer Majesty's Stationery Office _c1969 |
||
| 300 | _avii, 95p | ||
| 650 | _aHousing --Great Britain --Statistics. | ||
| 700 | _aU.K. Ministry Of Housing And Local Governement. Scottish Development Department | ||
| 999 |
_c413869 _d413869 |
||